000 00592nam a22001817a 4500
003 BUBTL
008 180101b xxu||||| |||| 00| 0 eng d
020 _a984-412-004-7
082 _a891.443 / AHO
100 _91697
_aআহমেদ,হুমায়ূন
245 _aঅন্যভুবন /
_cহুমায়ূন আহমেদ
260 _aঢাকা :
_bঅনন্যা,
_cc2012.
300 _a63 p. :
_bill. ;
_c22 cm.
650 0 _91699
_aবাংলা সাহিত্য
856 _k0
_l0
_yDownload
942 _2ddc
_cBK
999 _c5630
_d5630